<?xml version="1.0" encoding="UTF-8"?><?xml-stylesheet type="text/xsl" href="static/style.xsl"?><OAI-PMH xmlns="http://www.openarchives.org/OAI/2.0/" xmlns:xsi="http://www.w3.org/2001/XMLSchema-instance" xsi:schemaLocation="http://www.openarchives.org/OAI/2.0/ http://www.openarchives.org/OAI/2.0/OAI-PMH.xsd"><responseDate>2026-04-17T07:38:26Z</responseDate><request verb="GetRecord" identifier="oai:www.recercat.cat:2445/175127" metadataPrefix="marc">https://recercat.cat/oai/request</request><GetRecord><record><header><identifier>oai:recercat.cat:2445/175127</identifier><datestamp>2025-12-05T10:18:58Z</datestamp><setSpec>com_2072_1057</setSpec><setSpec>col_2072_478917</setSpec><setSpec>col_2072_478927</setSpec></header><metadata><record xmlns="http://www.loc.gov/MARC21/slim" xmlns:dcterms="http://purl.org/dc/terms/" xmlns:xsi="http://www.w3.org/2001/XMLSchema-instance" xmlns:doc="http://www.lyncode.com/xoai" xsi:schemaLocation="http://www.loc.gov/MARC21/slim http://www.loc.gov/standards/marcxml/schema/MARC21slim.xsd">
   <leader>00925njm 22002777a 4500</leader>
   <datafield ind2=" " ind1=" " tag="042">
      <subfield code="a">dc</subfield>
   </datafield>
   <datafield ind2=" " ind1=" " tag="720">
      <subfield code="a">Espías Gómez, Ángel F. (Ángel Fortunato)</subfield>
      <subfield code="e">author</subfield>
   </datafield>
   <datafield ind2=" " ind1=" " tag="720">
      <subfield code="a">Murtra Ferré, Jaime</subfield>
      <subfield code="e">author</subfield>
   </datafield>
   <datafield ind2=" " ind1=" " tag="720">
      <subfield code="a">Alonso Pérez, S.</subfield>
      <subfield code="e">author</subfield>
   </datafield>
   <datafield ind2=" " ind1=" " tag="260">
      <subfield code="c">2021-03-17T10:29:51Z</subfield>
   </datafield>
   <datafield ind2=" " ind1=" " tag="260">
      <subfield code="c">2021-03-17T10:29:51Z</subfield>
   </datafield>
   <datafield ind2=" " ind1=" " tag="260">
      <subfield code="c">1991-08</subfield>
   </datafield>
   <datafield ind2=" " ind1=" " tag="260">
      <subfield code="c">2021-03-17T10:29:52Z</subfield>
   </datafield>
   <datafield ind2=" " ind1=" " tag="520">
      <subfield code="a">El uso de resinas como cemento para los puentes de adhesivos es una realidad cotidiana. Pero su alto nivel de aceptación, no sólo se debe a los nuevos diseños de los alerones o a los nuevos metales y sus tratamientos previos, sino que también se debe a las nuevas 'resinas activas', es decir de unión química al metal. El motivo de este trabajo es medir objetivamente la fuerza de unión micromecánica y química de dos 'resinas activas' (Panavia y Dual ABC) a tres tipos de metales (Noble, Seminoble, y No noble), cuya superficie ha sido preparada previamente siguiendo tres modelos retentivos (superficies lisa, chorreada con óxido de aluminio y grabada electrolíticamente, siendo esta última sólo aplicable al metal no noble). La fuerza de unión se valora mediante discos metálicos cementados entre sí por una u otra resina y sometidos a fuerza de tracción en una máquina Instron.</subfield>
   </datafield>
   <datafield tag="653" ind2=" " ind1=" ">
      <subfield code="a">Resines en odontologia</subfield>
   </datafield>
   <datafield tag="653" ind2=" " ind1=" ">
      <subfield code="a">Adhesius dentals</subfield>
   </datafield>
   <datafield tag="653" ind2=" " ind1=" ">
      <subfield code="a">Dental resins</subfield>
   </datafield>
   <datafield tag="653" ind2=" " ind1=" ">
      <subfield code="a">Dental adhesives</subfield>
   </datafield>
   <datafield ind2="0" ind1="0" tag="245">
      <subfield code="a">Estudio de la fuerza de unión a varios metales con diversas superficies retentivas de las 'resinas activas' usadas en el cementado de los puentes adhesivos</subfield>
   </datafield>
</record></metadata></record></GetRecord></OAI-PMH>